[Event "English Schools Championship Final 2024"]
[Site "Nottingham University Kings Meadow Campus, United Kingdom"]
[Date "2024.06.27"]
[Round "2.4"]
[White "Brown, Stuart"]
[Black "Agrawal, Shivam"]
[Result "0-1"]
[TimeControl "G50' + 10\" per move."]
[BlackFideId "460460"]
[WhiteElo "1733"]
[BlackElo "2158"]

1. d4 {[%clk 00:50:18]} Nf6 {[%clk 00:50:10]} {[%emt 00:00:10]} 2. Bf4 {[%clk
00:50:22]} {[%emt 00:00:05]} d5 {[%clk 00:50:14]} {[%emt 00:00:07]} 3. e3
{[%clk 00:50:18]} {[%emt 00:00:14]} c5 {[%clk 00:50:19]} {[%emt 00:00:04]} 4.
c3 {[%clk 00:50:18]} {[%emt 00:00:11]} Nc6 {[%clk 00:50:24]} {[%emt 00:00:05]}
5. Nf3 {[%clk 00:50:10]} {[%emt 00:00:18]} Bg4 {[%clk 00:50:21]} {[%emt
00:00:13]} 6. Nbd2 {[%clk 00:49:54]} {[%emt 00:00:27]} e6 {[%clk 00:50:25]}
{[%emt 00:00:06]} 7. h3 {[%clk 00:49:55]} {[%emt 00:00:09]} Bh5 {[%clk
00:50:30]} {[%emt 00:00:04]} 8. Be2 {[%clk 00:49:51]} {[%emt 00:00:14]} Bd6
{[%clk 00:50:06]} {[%emt 00:00:34]} 9. Bxd6 {[%clk 00:48:00]} {[%emt 00:02:10]}
Qxd6 {[%clk 00:50:25]} {[%emt 00:00:02]} 10. a4 {[%clk 00:46:37]} {[%emt
00:01:33]} O-O {[%clk 00:49:15]} {[%emt 00:01:19]} 11. O-O {[%clk 00:46:16]}
{[%emt 00:00:32]} Rfe8 {[%clk 00:46:44]} {[%emt 00:02:41]} 12. Re1 {[%clk
00:45:22]} {[%emt 00:01:04]} a6 {[%clk 00:45:07]} {[%emt 00:01:46]} 13. Qc2
{[%clk 00:41:59]} {[%emt 00:03:34]} e5 {[%clk 00:34:36]} {[%emt 00:10:42]} 14.
dxe5 {[%clk 00:40:54]} {[%emt 00:01:14]} Nxe5 {[%clk 00:34:42]} {[%emt
00:00:04]} 15. Nxe5 {[%clk 00:40:54]} {[%emt 00:00:10]} Rxe5 {[%clk 00:34:45]}
{[%emt 00:00:08]} 16. Rad1 {[%clk 00:38:06]} {[%emt 00:02:57]} Qe6 {[%clk
00:27:00]} {[%emt 00:07:54]} 17. Nf3 {[%clk 00:33:13]} {[%emt 00:05:04]} Bxf3
{[%clk 00:23:54]} {[%emt 00:03:16]} 18. Bxf3 {[%clk 00:33:14]} {[%emt
00:00:09]} Ne4 {[%clk 00:12:36]} {[%emt 00:11:28]} 19. Rd3 {[%clk 00:30:41]}
{[%emt 00:02:41]} Ng5 {[%clk 00:10:05]} {[%emt 00:02:42]} 20. Bg4 {[%clk
00:27:05]} {[%emt 00:03:46]} f5 {[%clk 00:08:34]} {[%emt 00:01:41]} 21. f4
{[%clk 00:21:43]} {[%emt 00:05:33]} fxg4 {[%clk 00:08:37]} {[%emt 00:00:08]} 22.
fxe5 {[%clk 00:20:12]} {[%emt 00:01:41]} gxh3 {[%clk 00:08:29]} {[%emt
00:00:18]} 23. Rf1 {[%clk 00:18:04]} {[%emt 00:02:17]} Qxe5 {[%clk 00:06:14]}
{[%emt 00:02:26]} 24. Qf2 {[%clk 00:15:37]} {[%emt 00:02:35]} Qe4 {[%clk
00:02:49]} {[%emt 00:03:36]} 25. Rd2 {[%clk 00:14:04]} {[%emt 00:01:43]} hxg2
{[%clk 00:02:47]} {[%emt 00:00:12]} 26. Qxg2 {[%clk 00:12:58]} {[%emt
00:01:15]} Qxe3+ {[%clk 00:02:57]} 27. Kh1 {[%clk 00:12:19]} {[%emt 00:00:50]}
Ne4 {[%clk 00:02:39]} {[%emt 00:00:28]} 28. Rg1 {[%clk 00:09:05]} {[%emt
00:03:24]} Qh6+ {[%clk 00:02:21]} {[%emt 00:00:28]} 29. Qh2 {[%clk 00:08:54]}
{[%emt 00:00:22]} Qxd2 {[%clk 00:02:25]} {[%emt 00:00:06]} 0-1

[Event "English Schools Championship Final 2024"]
[Site "Nottingham University Kings Meadow Campus, United Kingdom"]
[Date "2024.06.27"]
[Round "2.5"]
[White "Kilambi, Venkata Ananth Akshay"]
[Black "McCauley, Rohan Gb"]
[Result "1/2-1/2"]
[TimeControl "G50' + 10\" per move."]
[WhiteFideId "489395"]
[BlackFideId "457728"]
[WhiteElo "1985"]
[BlackElo "1614"]

1. c4 {[%clk 00:50:18]} {[%emt 00:00:01]} Nf6 {[%clk 00:50:11]} {[%emt
00:00:09]} 2. Nc3 {[%clk 00:50:23]} {[%emt 00:00:05]} Nc6 {[%clk 00:50:14]}
{[%emt 00:00:07]} 3. e4 {[%clk 00:50:15]} {[%emt 00:00:18]} e5 {[%clk
00:50:05]} {[%emt 00:00:19]} 4. Nf3 {[%clk 00:50:20]} {[%emt 00:00:05]} Bb4
{[%clk 00:49:24]} {[%emt 00:00:51]} 5. Qc2 {[%clk 00:50:02]} {[%emt 00:00:28]}
O-O {[%clk 00:48:55]} {[%emt 00:00:38]} 6. a3 {[%clk 00:49:13]} {[%emt
00:01:00]} Be7 {[%clk 00:46:23]} {[%emt 00:02:42]} 7. Nd5 {[%clk 00:47:40]}
{[%emt 00:01:43]} Re8 {[%clk 00:45:11]} {[%emt 00:01:22]} 8. d3 {[%clk
00:47:17]} {[%emt 00:00:33]} h6 {[%clk 00:42:30]} {[%emt 00:02:52]} 9. Be2
{[%clk 00:46:27]} {[%emt 00:00:59]} Bf8 {[%clk 00:40:54]} {[%emt 00:01:47]} 10.
O-O {[%clk 00:44:00]} {[%emt 00:02:36]} d6 {[%clk 00:35:21]} {[%emt 00:05:44]}
11. b4 {[%clk 00:40:30]} {[%emt 00:03:39]} Nb8 {[%clk 00:34:41]} {[%emt
00:00:50]} 12. a4 {[%clk 00:38:02]} {[%emt 00:02:38]} Be6 {[%clk 00:31:16]}
{[%emt 00:03:34]} 13. Bd2 {[%clk 00:34:47]} {[%emt 00:03:25]} c6 {[%clk
00:30:05]} {[%emt 00:01:22]} 14. Ne3 {[%clk 00:33:47]} {[%emt 00:01:09]} Nbd7
{[%clk 00:28:18]} {[%emt 00:01:57]} 15. Bc3 {[%clk 00:26:08]} {[%emt 00:07:50]}
d5 {[%clk 00:12:50]} {[%emt 00:15:38]} 16. Bd2 {[%clk 00:20:47]} {[%emt
00:05:30]} Rc8 {[%clk 00:11:53]} {[%emt 00:01:08]} 17. Rfe1 {[%clk 00:18:16]}
{[%emt 00:02:40]} dxe4 {[%clk 00:07:09]} {[%emt 00:04:55]} 18. dxe4 {[%clk
00:18:17]} {[%emt 00:00:09]} Bg4 {[%clk 00:06:42]} {[%emt 00:00:38]} 19. h3
{[%clk 00:16:36]} {[%emt 00:01:50]} Bh5 {[%clk 00:06:43]} {[%emt 00:00:09]} 20.
Nf5 {[%clk 00:12:36]} {[%emt 00:04:10]} a5 {[%clk 00:05:18]} {[%emt 00:01:35]}
21. g4 {[%clk 00:10:42]} {[%emt 00:02:03]} Bg6 {[%clk 00:05:19]} {[%emt
00:00:10]} 22. c5 {[%clk 00:06:54]} {[%emt 00:03:58]} axb4 {[%clk 00:04:16]}
{[%emt 00:01:14]} 23. Be3 {[%clk 00:06:23]} {[%emt 00:00:40]} b3 {[%clk
00:02:19]} {[%emt 00:02:08]} 24. Qc4 {[%clk 00:06:02]} {[%emt 00:00:30]} Qa5
{[%clk 00:02:03]} {[%emt 00:00:26]} 25. Rac1 {[%clk 00:04:55]} {[%emt
00:01:17]} b2 {[%clk 00:01:53]} {[%emt 00:00:21]} 26. Rb1 {[%emt 00:03:47]}
1/2-1/2

[Event "English Schools Championship Final 2024"]
[Site "Nottingham University Kings Meadow Campus, United Kingdom"]
[Date "2024.06.27"]
[Round "2.6"]
[White "Guo, Jintian J"]
[Black "Venkatesh, Anuj V"]
[Result "0-1"]
[TimeControl "G50' + 10\" per move."]
[WhiteFideId "481742"]
[BlackFideId "455636"]
[WhiteElo "1614"]
[BlackElo "1823"]

1. e4 {[%clk 00:50:17]} c5 {[%clk 00:50:17]} {[%emt 00:00:04]} 2. Nf3 {[%clk
00:50:23]} {[%emt 00:00:04]} e6 {[%clk 00:50:13]} {[%emt 00:00:13]} 3. d4
{[%clk 00:50:26]} {[%emt 00:00:07]} cxd4 {[%clk 00:50:20]} {[%emt 00:00:03]} 4.
Nxd4 {[%clk 00:50:25]} {[%emt 00:00:11]} Nc6 {[%clk 00:50:25]} {[%emt
00:00:05]} 5. Be3 {[%clk 00:50:25]} {[%emt 00:00:10]} a6 {[%clk 00:50:15]}
{[%emt 00:00:20]} 6. a3 {[%clk 00:50:10]} {[%emt 00:00:25]} Nf6 {[%clk
00:50:14]} {[%emt 00:00:11]} 7. Nc3 {[%clk 00:50:09]} {[%emt 00:00:11]} Be7
{[%clk 00:49:44]} {[%emt 00:00:41]} 8. Qd2 {[%clk 00:50:00]} {[%emt 00:00:18]}
d5 {[%clk 00:49:09]} {[%emt 00:00:45]} 9. f3 {[%clk 00:48:45]} {[%emt
00:01:26]} e5 {[%clk 00:44:35]} {[%emt 00:04:43]} 10. Nxc6 {[%clk 00:47:45]}
{[%emt 00:01:10]} bxc6 {[%clk 00:44:44]} {[%emt 00:00:02]} 11. exd5 {[%clk
00:47:37]} {[%emt 00:00:17]} cxd5 {[%clk 00:44:25]} {[%emt 00:00:29]} 12. Bg5
{[%clk 00:45:23]} {[%emt 00:02:24]} Bb7 {[%clk 00:40:17]} {[%emt 00:04:16]} 13.
Bxf6 {[%clk 00:42:41]} {[%emt 00:02:54]} Bxf6 {[%clk 00:40:24]} {[%emt
00:00:02]} 14. O-O-O {[%clk 00:42:35]} {[%emt 00:00:17]} Bg5 {[%clk 00:40:11]}
{[%emt 00:00:23]} 15. f4 {[%clk 00:38:45]} {[%emt 00:04:00]} Bxf4 {[%clk
00:40:12]} {[%emt 00:00:09]} 16. Qxf4 {[%clk 00:38:44]} {[%emt 00:00:12]} exf4
{[%clk 00:40:20]} {[%emt 00:00:02]} 17. Re1+ {[%clk 00:38:44]} {[%emt
00:00:08]} Kf8 {[%clk 00:40:06]} {[%emt 00:00:25]} 18. Bd3 {[%clk 00:38:34]}
{[%emt 00:00:20]} Qg5 {[%clk 00:39:45]} {[%emt 00:00:30]} 19. Rhf1 {[%clk
00:38:12]} {[%emt 00:00:33]} f3+ {[%clk 00:39:27]} {[%emt 00:00:28]} 20. Kb1
{[%clk 00:38:05]} {[%emt 00:00:32]} fxg2 {[%clk 00:39:22]} {[%emt 00:00:21]} 21.
Rg1 {[%clk 00:37:58]} {[%emt 00:00:16]} Re8 {[%clk 00:39:20]} {[%emt 00:00:12]}
22. Re2 {[%clk 00:37:29]} {[%emt 00:00:40]} d4 {[%clk 00:39:08]} {[%emt
00:00:20]} 23. Ne4 {[%clk 00:37:25]} {[%emt 00:00:15]} Bxe4 {[%clk 00:39:04]}
{[%emt 00:00:13]} 24. Rxe4 {[%clk 00:37:25]} {[%emt 00:00:11]} Rxe4 {[%clk
00:39:10]} {[%emt 00:00:04]} 25. Bxe4 {[%clk 00:37:27]} {[%emt 00:00:09]} Qe3
{[%clk 00:39:19]} {[%emt 00:00:01]} 0-1

[Event "English Schools Championship Final 2024"]
[Site "Nottingham University Kings Meadow Campus, United Kingdom"]
[Date "2024.06.27"]
[Round "2.7"]
[White "Usharovsky, Ron"]
[Black "Buanne, Luca"]
[Result "0-1"]
[TimeControl "G50' + 10\" per move."]
[WhiteFideId "64300773"]
[BlackFideId "460133"]
[WhiteElo "1958"]
[BlackElo "2154"]

1. e4 {[%clk 00:50:18]} {[%emt 00:00:02]} c5 {[%clk 00:50:17]} {[%emt
00:00:04]} 2. c3 {[%clk 00:50:24]} {[%emt 00:00:04]} Nf6 {[%clk 00:50:21]}
{[%emt 00:00:05]} 3. e5 {[%clk 00:50:31]} {[%emt 00:00:03]} Nd5 {[%clk
00:50:28]} {[%emt 00:00:04]} 4. d4 {[%clk 00:50:37]} {[%emt 00:00:04]} cxd4
{[%clk 00:50:31]} {[%emt 00:00:07]} 5. cxd4 {[%clk 00:50:43]} {[%emt 00:00:04]}
d6 {[%clk 00:49:36]} {[%emt 00:01:05]} 6. exd6 {[%clk 00:50:47]} {[%emt
00:00:06]} e6 {[%clk 00:48:24]} {[%emt 00:01:21]} 7. Nc3 {[%clk 00:50:15]}
{[%emt 00:00:43]} Bxd6 {[%clk 00:46:17]} {[%emt 00:02:17]} 8. Nf3 {[%clk
00:49:47]} {[%emt 00:00:38]} O-O {[%clk 00:45:00]} {[%emt 00:01:27]} 9. Bd3
{[%clk 00:49:16]} {[%emt 00:00:41]} Nf4 {[%clk 00:43:18]} {[%emt 00:01:52]} 10.
Bxf4 {[%clk 00:45:25]} {[%emt 00:04:01]} Bxf4 {[%clk 00:43:22]} {[%emt
00:00:06]} 11. O-O {[%clk 00:43:16]} {[%emt 00:02:18]} Nc6 {[%clk 00:41:53]}
{[%emt 00:01:39]} 12. Be4 {[%clk 00:39:59]} {[%emt 00:03:27]} Bh6 {[%clk
00:38:08]} {[%emt 00:03:55]} 13. Qa4 {[%clk 00:38:31]} {[%emt 00:01:39]} Bd7
{[%clk 00:33:41]} {[%emt 00:04:36]} 14. Rad1 {[%clk 00:37:49]} {[%emt
00:00:53]} f5 {[%clk 00:21:06]} {[%emt 00:12:45]} 15. Bb1 {[%clk 00:33:57]}
{[%emt 00:04:01]} Ne5 {[%clk 00:21:01]} {[%emt 00:00:16]} 16. dxe5 {[%clk
00:32:21]} {[%emt 00:01:46]} Bxa4 {[%clk 00:21:07]} {[%emt 00:00:05]} 17. Rxd8
{[%clk 00:32:23]} {[%emt 00:00:07]} Rfxd8 {[%clk 00:21:06]} {[%emt 00:00:11]}
18. Nxa4 {[%clk 00:32:23]} {[%emt 00:00:10]} Rac8 {[%clk 00:20:25]} {[%emt
00:00:50]} 19. a3 {[%clk 00:31:08]} {[%emt 00:01:25]} g5 {[%clk 00:19:34]}
{[%emt 00:01:02]} 20. Nc3 {[%clk 00:28:54]} {[%emt 00:02:23]} g4 {[%clk
00:19:34]} {[%emt 00:00:11]} 21. Ba2 {[%clk 00:27:53]} {[%emt 00:01:11]} Kf7
{[%clk 00:18:37]} {[%emt 00:01:07]} 22. Nb5 {[%clk 00:23:49]} {[%emt 00:04:13]}
gxf3 {[%clk 00:15:13]} {[%emt 00:03:34]} 23. Nd6+ {[%clk 00:23:42]} {[%emt
00:00:17]} Ke7 {[%clk 00:15:18]} {[%emt 00:00:05]} 24. Nxc8+ {[%clk 00:20:27]}
{[%emt 00:03:25]} Rxc8 {[%clk 00:15:24]} {[%emt 00:00:04]} 25. Bb3 {[%clk
00:19:30]} {[%emt 00:01:08]} Rc5 {[%clk 00:11:57]} {[%emt 00:03:36]} 26. gxf3
{[%clk 00:16:56]} {[%emt 00:02:44]} Rb5 {[%clk 00:11:28]} {[%emt 00:00:40]} 27.
Bc4 {[%clk 00:15:12]} {[%emt 00:01:54]} Rxb2 {[%clk 00:11:04]} {[%emt
00:00:34]} 28. Rd1 {[%clk 00:14:21]} {[%emt 00:01:00]} b5 {[%clk 00:10:46]}
{[%emt 00:00:29]} 29. Bxe6 {[%clk 00:13:31]} {[%emt 00:00:59]} Kxe6 {[%clk
00:10:08]} {[%emt 00:00:48]} 30. Rd6+ {[%clk 00:13:37]} {[%emt 00:00:05]} Kxe5
{[%clk 00:10:11]} {[%emt 00:00:07]} 31. Rxh6 {[%clk 00:13:42]} {[%emt
00:00:04]} Ra2 {[%clk 00:08:49]} {[%emt 00:01:32]} 32. Ra6 {[%clk 00:13:39]}
{[%emt 00:00:13]} b4 {[%clk 00:08:23]} {[%emt 00:00:36]} 33. Ra5+ {[%clk
00:13:06]} {[%emt 00:00:43]} Kd6 {[%clk 00:07:57]} {[%emt 00:00:36]} 34. axb4
{[%clk 00:13:03]} {[%emt 00:00:14]} Rxa5 {[%clk 00:08:03]} {[%emt 00:00:04]} 35.
bxa5 {[%clk 00:12:58]} {[%emt 00:00:15]} Kc5 {[%clk 00:08:09]} {[%emt
00:00:04]} 36. a6 {[%clk 00:11:23]} {[%emt 00:01:44]} Kb6 {[%clk 00:08:16]}
{[%emt 00:00:04]} 37. Kf1 {[%clk 00:10:54]} {[%emt 00:00:38]} Kxa6 {[%clk
00:08:22]} {[%emt 00:00:04]} 38. Ke2 {[%clk 00:10:53]} {[%emt 00:00:12]} Kb5
{[%clk 00:08:29]} {[%emt 00:00:03]} 39. Kd3 {[%clk 00:10:53]} {[%emt 00:00:10]}
Kb4 {[%clk 00:08:20]} {[%emt 00:00:18]} 40. Kc2 {[%clk 00:10:47]} {[%emt
00:00:16]} Kc4 {[%clk 00:08:17]} {[%emt 00:00:13]} 41. f4 {[%clk 00:10:02]}
{[%emt 00:00:56]} 0-1

[Event "English Schools Championship Final 2024"]
[Site "Nottingham University Kings Meadow Campus, United Kingdom"]
[Date "2024.06.27"]
[Round "2.8"]
[White "Ali, Shahvez"]
[Black "Hammond, Ben"]
[Result "1-0"]
[TimeControl "G50' + 10\" per move."]
[WhiteFideId "453790"]
[BlackFideId "452696"]
[WhiteElo "2107"]
[BlackElo "1921"]

1. d4 {[%clk 00:50:17]} {[%emt 00:00:04]} d5 {[%clk 00:50:16]} {[%emt
00:00:03]} 2. Nf3 {[%clk 00:50:24]} {[%emt 00:00:04]} Nf6 {[%clk 00:50:22]}
{[%emt 00:00:03]} 3. c4 {[%clk 00:50:32]} {[%emt 00:00:03]} e6 {[%clk
00:50:28]} {[%emt 00:00:03]} 4. g3 {[%clk 00:50:39]} {[%emt 00:00:03]} dxc4
{[%clk 00:50:33]} {[%emt 00:00:04]} 5. Qa4+ {[%clk 00:50:45]} {[%emt 00:00:05]}
Bd7 {[%clk 00:50:15]} {[%emt 00:00:27]} 6. Qxc4 {[%clk 00:50:49]} {[%emt
00:00:06]} Bc6 {[%clk 00:50:19]} {[%emt 00:00:06]} 7. Bg2 {[%clk 00:50:55]}
{[%emt 00:00:05]} Nbd7 {[%clk 00:50:21]} {[%emt 00:00:09]} 8. O-O {[%clk
00:50:50]} {[%emt 00:00:15]} Be7 {[%clk 00:49:38]} {[%emt 00:00:53]} 9. Nc3
{[%clk 00:50:34]} {[%emt 00:00:25]} O-O {[%clk 00:47:37]} {[%emt 00:02:11]} 10.
a3 {[%clk 00:49:42]} {[%emt 00:01:01]} Ne4 {[%clk 00:40:11]} {[%emt 00:07:37]}
11. b4 {[%clk 00:47:27]} {[%emt 00:02:25]} Nb6 {[%clk 00:38:23]} {[%emt
00:01:58]} 12. Qd3 {[%clk 00:47:23]} {[%emt 00:00:14]} Nxc3 {[%clk 00:38:25]}
{[%emt 00:00:08]} 13. Qxc3 {[%clk 00:47:29]} {[%emt 00:00:04]} Bf6 {[%clk
00:38:23]} {[%emt 00:00:12]} 14. Rd1 {[%clk 00:46:18]} {[%emt 00:01:21]} Qe7
{[%clk 00:30:17]} {[%emt 00:08:16]} 15. Nd2 {[%clk 00:44:40]} {[%emt 00:01:46]}
Bxg2 {[%clk 00:29:43]} {[%emt 00:00:45]} 16. Kxg2 {[%clk 00:44:49]} {[%emt
00:00:02]} g6 {[%clk 00:18:14]} {[%emt 00:11:39]} 17. Ne4 {[%clk 00:44:14]}
{[%emt 00:00:45]} Bg7 {[%clk 00:18:18]} {[%emt 00:00:06]} 18. Nc5 {[%clk
00:43:38]} {[%emt 00:00:46]} c6 {[%clk 00:16:50]} {[%emt 00:01:38]} 19. Bb2
{[%clk 00:40:55]} {[%emt 00:02:53]} Rfd8 {[%clk 00:15:59]} {[%emt 00:01:01]} 20.
e4 {[%clk 00:39:38]} {[%emt 00:01:26]} Rd6 {[%clk 00:13:04]} {[%emt 00:03:06]}
21. Rd3 {[%clk 00:38:52]} {[%emt 00:00:55]} Rad8 {[%clk 00:12:21]} {[%emt
00:00:54]} 22. Rad1 {[%clk 00:38:55]} {[%emt 00:00:08]} Qc7 {[%clk 00:06:55]}
{[%emt 00:05:35]} 23. Bc1 {[%clk 00:37:13]} {[%emt 00:01:52]} f6 {[%clk
00:02:51]} {[%emt 00:04:13]} 24. Bf4 {[%clk 00:36:51]} {[%emt 00:00:33]} e5
{[%clk 00:03:00]} {[%emt 00:00:02]} 25. dxe5 {[%clk 00:36:53]} {[%emt
00:00:07]} fxe5 {[%clk 00:02:55]} {[%emt 00:00:15]} 26. Bxe5 {[%clk 00:36:25]}
{[%emt 00:00:37]} Rxd3 {[%clk 00:01:37]} {[%emt 00:01:28]} 27. Bxc7 {[%clk
00:34:42]} {[%emt 00:01:54]} Bxc3 {[%clk 00:00:50]} {[%emt 00:00:58]} 28. Rxd3
{[%clk 00:34:23]} {[%emt 00:00:28]} Rxd3 {[%clk 00:00:58]} {[%emt 00:00:01]} 29.
Nxd3 {[%clk 00:34:23]} {[%emt 00:00:10]} Nc4 {[%clk 00:01:03]} {[%emt
00:00:06]} 30. a4 {[%clk 00:33:45]} {[%emt 00:00:48]} Nb2 {[%clk 00:01:11]}
{[%emt 00:00:02]} 31. Nxb2 {[%clk 00:33:42]} {[%emt 00:00:13]} Bxb2 {[%clk
00:01:19]} {[%emt 00:00:01]} 32. f4 {[%clk 00:33:06]} {[%emt 00:00:46]} a6
{[%clk 00:01:10]} {[%emt 00:00:20]} 33. Kf3 {[%clk 00:33:00]} {[%emt 00:00:16]}
Ba3 {[%clk 00:00:52]} {[%emt 00:00:28]} 34. Ba5 {[%clk 00:32:36]} {[%emt
00:00:34]} Kf7 {[%clk 00:00:55]} {[%emt 00:00:06]} 35. e5 {[%clk 00:32:40]}
{[%emt 00:00:07]} Ke6 {[%clk 00:01:00]} {[%emt 00:00:04]} 36. Ke4 {[%clk
00:32:44]} {[%emt 00:00:06]} c5 {[%clk 00:00:23]} {[%emt 00:00:48]} 37. bxc5
{[%clk 00:32:46]} {[%emt 00:00:08]} Bxc5 {[%clk 00:00:30]} {[%emt 00:00:03]} 38.
g4 {[%clk 00:32:47]} {[%emt 00:00:09]} b5 {[%clk 00:00:17]} {[%emt 00:00:23]}
39. f5+ {[%clk 00:32:39]} {[%emt 00:00:18]} Ke7 {[%clk 00:00:12]} {[%emt
00:00:15]} 40. Kd5 {[%clk 00:32:39]} {[%emt 00:00:10]} Ba3 {[%clk 00:00:21]}
{[%emt 00:00:01]} 41. axb5 {[%clk 00:32:26]} {[%emt 00:00:23]} axb5 {[%clk
00:00:29]} {[%emt 00:00:01]} 42. Bb6 {[%clk 00:31:21]} {[%emt 00:01:15]} b4
{[%clk 00:00:17]} {[%emt 00:00:22]} 43. Bc5+ {[%clk 00:31:24]} {[%emt
00:00:07]} Ke8 {[%clk 00:00:26]} {[%emt 00:00:01]} 44. f6 {[%clk 00:31:22]}
{[%emt 00:00:12]} 1-0